| 000 | 00886nam a22002297a 4500 | ||
|---|---|---|---|
| 005 | 20220210130319.0 | ||
| 008 | 220210b sp ||||| |||| 00| 0 spa d | ||
| 020 | _a9788498016611 | ||
| 050 | 0 | 4 |
_aTR15 _bH33 2013 |
| 100 | 1 |
_aHacking, Juliet, _eautor. |
|
| 240 | 1 |
_aPhotography. _lEspañol |
|
| 245 | 1 | 0 |
_aFotografía : _btoda la historia / _cJuliet Hacking ; prólogo de David Campany ; traducción, Antonio Díaz Pérez, Remedios Diéguez Diéguez |
| 250 | _aPrimera edición en lengua española | ||
| 260 |
_aBarcelona : _bBlume, _c2013 |
||
| 300 |
_a576 páginas : _bilustraciones ; _c25 cm |
||
| 650 | 7 |
_2lemb _aFotografía _xHistoria _ySiglo XIX |
|
| 650 | 7 |
_2lemb _aFotografía _x Historia _ySiglo XX |
|
| 700 | 1 |
_aCampany, David, _eprologuista |
|
| 700 | 1 |
_aDíaz Pérez, Antonio, _etraductor |
|
| 700 | 1 |
_aDiéguez Diéguez, Remedios, _etraductor |
|
| 942 |
_2lcc _cLIB |
||
| 999 |
_c160308 _d160306 |
||